AKTA SURUHANJAYA PENCEGAHAN RASUAH MALAYSIA 2009 (ACT 694) : (Record no. 4741)
[ view plain ]
| 000 -LEADER | |
|---|---|
| fixed length control field | 00986nam a2200301 a 4500 |
| 003 - CONTROL NUMBER IDENTIFIER | |
| control field | AKMAL |
| 005 - DATE AND TIME OF LATEST TRANSACTION | |
| control field | 20230131150611.0 |
| 008 - FIXED-LENGTH DATA ELEMENTS--GENERAL INFORMATION | |
| fixed length control field | 170108s2017 my e l 000 0 may d |
| 020 ## - INTERNATIONAL STANDARD BOOK NUMBER | |
| Terms of availability | RM31.00 |
| 040 ## - CATALOGING SOURCE | |
| Original cataloging agency | AKMAL |
| 082 04 - DEWEY DECIMAL CLASSIFICATION NUMBER | |
| Classification number | 345.59502322 MAL |
| 090 00 - LOCALLY ASSIGNED LC-TYPE CALL NUMBER (OCLC); LOCAL CALL NUMBER (RLIN) | |
| Classification number (OCLC) (R) ; Classification number, CALL (RLIN) (NR) | 345.59502322 |
| Local cutter number (OCLC) ; Book number/undivided call number, CALL (RLIN) | MAL |
| 110 1# - MAIN ENTRY--CORPORATE NAME | |
| Corporate name or jurisdiction name as entry element | Malaysia, |
| Relator term | jurisdiction governed. |
| 9 (RLIN) | 400 |
| 245 10 - TITLE STATEMENT | |
| Title | AKTA SURUHANJAYA PENCEGAHAN RASUAH MALAYSIA 2009 (ACT 694) : |
| Remainder of title | (PINDAAN HINGGA 5HB JANUARI 2009) / |
| Statement of responsibility, etc. | Disusun semula oleh Penasihat Undang-Undang Mdc |
| 260 ## - PUBLICATION, DISTRIBUTION, ETC. | |
| Place of publication, distribution, etc. | Kuala Lumpur: |
| Name of publisher, distributor, etc. | MDC Publishers, |
| Date of publication, distribution, etc. | 2017. |
| 300 ## - PHYSICAL DESCRIPTION | |
| Extent | 57 pages ; |
| Dimensions | 27cm. |
| 490 1# - SERIES STATEMENT | |
| Series statement | UNDANG-UNDANG MALAYSIA |
| 599 ## - LOCAL NOTE | |
| Local Note | DALAM PROSES |
| 650 10 - SUBJECT ADDED ENTRY--TOPICAL TERM | |
| Topical term or geographic name entry element | Corruption |
| General subdivision | Law and legislation |
| Geographic subdivision | Malaysia |
| 9 (RLIN) | 8458 |
| 650 20 - SUBJECT ADDED ENTRY--TOPICAL TERM | |
| Topical term or geographic name entry element | Bribery |
| General subdivision | Law and legislation |
| Geographic subdivision | Malaysia |
| 9 (RLIN) | 8383 |
| 830 #0 - SERIES ADDED ENTRY--UNIFORM TITLE | |
| Uniform title | Undang-undang Malaysia |
| 9 (RLIN) | 9065 |
| 942 ## - ADDED ENTRY ELEMENTS (KOHA) | |
| Source of classification or shelving scheme | |
| Koha item type | Book |
| 950 ## - LOCAL HOLDINGS (RLIN) | |
| Permanent shelving location, LOC (RLIN) | AKMAL |
| Withdrawn status | Lost status | Source of classification or shelving scheme | Damaged status | Not for loan | Collection code | Home library | Current library | Shelving location | Date acquired | Inventory number | Total Checkouts | Full call number | Barcode | Date last seen | Date last checked out | Price effective from | Koha item type | Checked out |
|---|---|---|---|---|---|---|---|---|---|---|---|---|---|---|---|---|---|---|
| NON-FICTION | AKMAL Melaka | AKMAL Melaka | PINJAMAN | 01.08.2017 | 307087 | 4 | 345.59502322 MAL | 201707475 | 27.06.2022 | 13.06.2022 | 01.08.2017 | Book | ||||||
| NON-FICTION | AKMAL Melaka | AKMAL Melaka | PINJAMAN | 01.02.2023 | 011525 | 5 | 345.59502322 MAL | 201708184 | 16.04.2026 | 16.04.2026 | 01.02.2023 | Book | 18.05.2026 |
